00490cam a22002051 4500001001300000003000400013005001700017008004100034010001700075035002000092040001800112042001200130050002000142100003000162245003000192260001100222300001900233500001500252999001700267sa 67004315 DLC20260227112345.0881028s1967 xx 000 0 beno  asa 67004315  a(OCoLC)23548273 aDLCcMiUdDLC apremarc00aPK1718.G463bK51 aGhosal, Panchanan,d1905-10aKhuna rāṅā rātri. c[1967] a232 p.c22 cm. aRomanized. c74379d74379